[Event "IECG CP.2000.P.00051"]
[Site "IECG email"]
[Date "2000.10.01"]
[Round "?"]
[White "Varner, Murlin"]
[Black "Ibbotson, Mick"]
[Result "1-0"]
[WhiteElo "1657"]
[BlackElo "800"]
[PlyCount "45"]
[EventDate "2000.10.01"]
[EventType "tourn (corr)"]
[EventRounds "6"]
[EventCountry "BUL"]
[SourceTitle "Corr 2008"]
[Source "ChessBase"]
[SourceDate "2008.06.24"]
[SourceVersion "1"]
[SourceVersionDate "2008.06.24"]
[SourceQuality "1"]

1. e4 e5 2. Nf3 Bc5 3. Nxe5 Nc6 4. Nxc6 bxc6 5. d4 Bb6 6. Be2 Nf6 7. e5 Nd5 8. c4 Ne7 9. Nc3 c5 10. dxc5 Bxc5 11. 0-0 Bb7 12. Be3 Bxe3 13. fxe3 Nf5 14. Rxf5 g6 15. Rf6 d6 16. Qa4+ Qd7 17. Qxd7+ Kxd7 18. Rxf7+ Kc8 19. Bg4+ Kb8 20. exd6 cxd6 21. Nb5 Re8 22. Nxd6 Rxe3 23. Rxb7# 1-0

[Event "IECG CN.2000.0.00201"]
[Site "IECG email"]
[Date "2000.07.03"]
[Round "?"]
[White "Henderson, Darrell"]
[Black "Ibbotson, Mick"]
[Result "1-0"]
[WhiteElo "745"]
[BlackElo "800"]
[PlyCount "77"]
[EventDate "2000.07.03"]
[EventType "tourn (corr)"]
[EventRounds "6"]
[SourceTitle "Corr 2008"]
[Source "ChessBase"]
[SourceDate "2008.06.24"]
[SourceVersion "1"]
[SourceVersionDate "2008.06.24"]
[SourceQuality "1"]

1. e4 e5 2. Nf3 Nc6 3. Bb5 Bc5 4. Nc3 Nf6 5. 0-0 0-0 6. d3 a6 7. Bxc6 bxc6 8. Nxe5 Bd4 9. Nf3 c5 10. Ne2 Ng4 11. Nexd4 cxd4 12. Nxd4 d6 13. Re1 Qh4 14. Nf3 Qf6 15. d4 Bb7 16. c3 Rae8 17. h3 Nh6 18. Bxh6 Qxh6 19. d5 c6 20. c4 cxd5 21. exd5 a5 22. Qa4 Ra8 23. Re7 Qf6 24. Rxb7 Rab8 25. Rxb8 Rxb8 26. Re1 Qd8 27. b3 h6 28. Nd4 Qf8 29. Qxa5 Ra8 30. Qd2 f5 31. Re6 Qf7 32. a4 Qg6 33. Rxg6 Kf7 34. Re6 g5 35. Nxf5 Rf8 36. Nxh6+ Kg7 37. Qxg5+ Kh7 38. Nf7 Rxf7 39. Rh6# 1-0